| 000 | 01001cab a2200289 4500 | ||
|---|---|---|---|
| 001 | ABS53602 | ||
| 008 | 090401t1995 xxu||||| |||| 00| 0 eng d | ||
| 035 | _a(Sirsi) u5286 | ||
| 041 | _aeng | ||
| 100 | _aLewison, K. | ||
| 245 | _aBe sure to mind your maths when you`re marking time | ||
| 260 | _c1995 | ||
| 350 | _a0 | ||
| 490 |
_aProperty Week _v7 September 1995, 27(1) |
||
| 520 | _aDiscusses the problems caused by failure to agree on the correct expiry date when serving notice under a lease. Refers to "Hankey v Clavering, Micrografix v Woking 8" and "Mannai Investment Co v Eagle Star Life Assurance Co". | ||
| 650 | _aBREAK CLAUSES | ||
| 650 | _aEXPIRY DATE | ||
| 650 | _aHANKEY V CLAVERING | ||
| 650 | _aLEASEHOLD | ||
| 650 | _aLEASES | ||
| 650 | _aMANNAI INVESTMENT CO LTD V EAGLE STAR LIFE ASSURANCE CO LTD UK | ||
| 650 | _aMICROGRAFIX V WOKING 8 | ||
| 650 | _aSERVING NOTICES | ||
| 690 | _aLANDLORD AND TENANT-BUSINESS TENANCIES | ||
| 942 | _n0 | ||
| 948 | _c04/03/1997 | ||
| 999 |
_c3149 _d3149 |
||